Non violence and nationalism : (Record no. 124186)

MARC details
000 -LEADER
fixed length control field 00719nam a22002297a 4500
005 - DATE AND TIME OF LATEST TRANSACTION
control field 20170124105936.0
010 ## - LIBRARY OF CONGRESS CONTROL NUMBER
LC control number A-681599
020 ## - INTERNATIONAL STANDARD BOOK NUMBER
Terms of availability 00.00
International Standard Book Number 8185420459
035 ## - SYSTEM CONTROL NUMBER
System control number A-681599
037 ## - SOURCE OF ACQUISITION
Source of stock number/acquisition Cen Lib/Ret
040 ## - CATALOGING SOURCE
Original cataloging agency DPL
Language of cataloging EN
082 ## - DEWEY DECIMAL CLASSIFICATION NUMBER
Classification number 303.6
Edition number RAM
100 ## - MAIN ENTRY--PERSONAL NAME
Personal name Ramamurthi,T.G.
9 (RLIN) 9697
245 ## - TITLE STATEMENT
Title Non violence and nationalism :
Statement of responsibility, etc by T.G.Ramamurthi
Remainder of title a study of Gandhian mass resistence in South Africa /
260 ## - PUBLICATION, DISTRIBUTION, ETC. (IMPRINT)
Place of publication, distribution, etc Delhi
Name of publisher, distributor, etc Amar prakashan
270 ## - ADDRESS
Address A-1/139 B,Lawrence road
City Delhi
Postal code 110035
300 ## - PHYSICAL DESCRIPTION
Extent v,223p.
Dimensions 21cm(Hb)
500 ## - GENERAL NOTE
General note Includes bibliographical reference
650 ## - SUBJECT ADDED ENTRY--TOPICAL TERM
Topical term or geographic name as entry element Political science
9 (RLIN) 91298
650 ## - SUBJECT ADDED ENTRY--TOPICAL TERM
Topical term or geographic name as entry element South Africa
9 (RLIN) 9699
942 ## - ADDED ENTRY ELEMENTS (KOHA)
Source of classification or shelving scheme Dewey Decimal Classification
Koha item type English Books
Classification part 303.6
Call number suffix RAM
Holdings
Withdrawn status Lost status Damaged status Not for loan Home library Current library Date acquired Source of acquisition Cost, normal purchase price Total Checkouts Full call number Barcode Date last seen Copy number Cost, replacement price Price effective from Koha item type Public note
Written off       Central Library Central Library 15/06/2015 Cen Lib/Ret 0.00   303.6 RAM A-681599 15/06/2015 1 0.00 15/06/2015 English Books W/d list no. 6837/15

© Delhi Public Library
Hit Counter
free hit counter